[Event "SR Extraliga 2017/2018"]
[Site "?"]
[Date "2017.11.11"]
[Round "3.6"]
[White "Kantorik, Marian"]
[Black "Zetocha, Claudiu"]
[Result "1/2-1/2"]
[WhiteElo "2298"]
[BlackElo "2352"]
[PlyCount "167"]
[EventDate "2017.??.??"]

1. d4 Nf6 2. c4 c5 3. d5 b5 4. cxb5 a6 5. bxa6 g6 6. Nc3 Bxa6 7. Nf3 d6 8. e4
Bxf1 9. Kxf1 Bg7 10. g3 O-O 11. Kg2 Nbd7 12. a4 Ne8 13. Qe2 Nc7 14. Bf4 Qc8 15.
Rhd1 Qa6 16. Re1 Qxe2 17. Rxe2 Nb6 18. a5 Nc4 19. e5 Rfd8 20. a6 Rxa6 21. Rxa6
Nxa6 22. Nb5 dxe5 23. Nxe5 Bxe5 24. Bxe5 Rxd5 25. Bc3 Rd7 26. b3 Nb6 27. Ra2
Nb4 28. Ra5 f6 29. Bxb4 cxb4 30. Na7 Rd3 31. Rb5 Nd5 32. Nc6 Kg7 33. Nxb4 Rxb3
34. Rxd5 Rxb4 35. Rd7 Kf7 36. Ra7 g5 37. h3 h5 38. Rc7 Ra4 39. Rb7 f5 40. Rb8
h4 41. gxh4 Rxh4 42. Rb6 e6 43. Ra6 Rb4 44. Rc6 Kf6 45. Ra6 Ke5 46. Rc6 Re4 47.
Ra6 Kf4 48. Rb6 Ke5 49. Ra6 Rd4 50. Rb6 Rd6 51. Rb5+ Kf6 52. Rb8 Rd7 53. Rf8+
Kg7 54. Ra8 e5 55. Ra5 Re7 56. Rb5 Kf6 57. Rb6+ Re6 58. Rb8 e4 59. Rb5 f4 60.
Ra5 e3 61. fxe3 Rxe3 62. Ra6+ Kf5 63. Ra5+ Re5 64. Ra2 Rd5 65. Rb2 Rd3 66. Rb5+
Kg6 67. Rb8 Rg3+ 68. Kh2 Re3 69. Kg2 Re2+ 70. Kf3 Rh2 71. Rh8 Kf5 72. Rf8+ Ke5
73. Rh8 Rb2 74. Rh5 Rb3+ 75. Kf2 Ke4 76. Rxg5 Rb2+ 77. Kg1 Kf3 78. Ra5 Kg3 79.
Rg5+ Kxh3 80. Kf1 Rb3 81. Kf2 Rg3 82. Rf5 Kg4 83. Rf8 Rf3+ 84. Kg2 1/2-1/2

[Event "SR Extraliga 2017/2018"]
[Site "?"]
[Date "2017.11.11"]
[Round "3.7"]
[White "Havlicek, Libor"]
[Black "Hanko, Pavol"]
[Result "1-0"]
[WhiteElo "2295"]
[BlackElo "2073"]
[PlyCount "117"]
[EventDate "2017.??.??"]

1. d4 Nf6 2. Nf3 g6 3. g3 Bg7 4. Bg2 O-O 5. O-O d6 6. c4 Nc6 7. Nc3 a6 8. h3
Rb8 9. Be3 Bd7 10. b3 b5 11. Nd2 e5 12. dxe5 Nxe5 13. Rc1 Be6 14. Ba7 Ra8 15.
Bd4 Rb8 16. c5 Qd7 17. cxd6 Qxd6 18. e3 Ned7 19. Nce4 Qa3 20. Rxc7 Qxa2 21.
Nxf6+ Nxf6 22. Rc2 Qa5 23. Qa1 Qxa1 24. Rxa1 Rfc8 25. Rxc8+ Rxc8 26. Rxa6 Nd5
27. Bxg7 Kxg7 28. Bf1 Rc1 29. g4 Rd1 30. Nf3 Nb4 31. Rb6 Bxb3 32. Kg2 Ba4 33.
Bxb5 Bxb5 34. Rxb5 Nc6 35. g5 Ne7 36. e4 Rd7 37. Ne5 Ra7 38. Ng4 Ng8 39. Rb6 h6
40. h4 hxg5 41. hxg5 Rc7 42. Kg3 Ra7 43. Rb8 Rc7 44. Kf4 Ra7 45. Ne3 Rc7 46.
Ra8 Rb7 47. Nc4 Rd7 48. Rb8 Ra7 49. Nd6 Rd7 50. Ne8+ Kh7 51. Nf6+ Nxf6 52. gxf6
Ra7 53. Rf8 Rb7 54. e5 Ra7 55. Kg5 Rb7 56. Rxf7+ Rxf7 57. e6 Rf8 58. e7 Re8 59.
f3 1-0

[Event "SR Extraliga 2017/2018"]
[Site "?"]
[Date "2017.11.11"]
[Round "3.8"]
[White "Magat, Jozef"]
[Black "Briestensky, Rastislav"]
[Result "0-1"]
[WhiteElo "2110"]
[BlackElo "2322"]
[PlyCount "289"]
[EventDate "2017.??.??"]

1. Nf3 f5 2. c4 Nf6 3. d4 e6 4. Nc3 Bb4 5. Bd2 Qe7 6. g3 O-O 7. Bg2 d6 8. O-O
Nbd7 9. Qc2 c5 10. Rad1 Bxc3 11. Bxc3 Ne4 12. Nd2 Nxc3 13. Qxc3 Kh8 14. f4 cxd4
15. Qxd4 e5 16. Qe3 Nf6 17. Nb1 Qc7 18. h3 Be6 19. b3 a6 20. Nc3 Rae8 21. Qd2
Rd8 22. Bd5 Bc8 23. Kh2 Qc5 24. Na4 Qc7 25. Nc3 Qe7 26. e3 Qe8 27. Qg2 Qh5 28.
Kg1 e4 29. Kf2 Qg6 30. Rg1 Rde8 31. Rd2 Nd7 32. Ne2 Nc5 33. Nd4 Qh6 34. Kf1 Rf6
35. h4 a5 36. a3 Rff8 37. Qe2 Qf6 38. Kg2 Qd8 39. Rb1 Qb6 40. Qd1 Bd7 41. Qc2
Rc8 42. Kh2 Rf6 43. Ne2 Be8 44. Nd4 Bd7 45. Qc3 Qa7 46. a4 Qb6 47. Qc2 Nd3 48.
Rxd3 exd3 49. Qxd3 Re8 50. Re1 Qc7 51. Kg2 b6 52. Kf2 Rff8 53. Nf3 Re7 54. Nd4
Qc5 55. Re2 Rfe8 56. Qc3 h6 57. Kf3 Rf8 58. Qd3 Qc8 59. Kf2 Qe8 60. Qc3 Qc8 61.
Qd3 Be8 62. Re1 Bd7 63. Re2 Qc5 64. Re1 Rfe8 65. Re2 g6 66. Re1 Rg7 67. Kf3 Qc7
68. Kf2 Qd8 69. Kf3 Qf6 70. Kf2 Rh7 71. Rh1 Bc8 72. Qc3 Rhe7 73. Re1 Kg7 74.
Nb5 Qxc3 75. Nxc3 Bd7 76. Kf3 Rc8 77. Rd1 Rd8 78. Rd3 Be8 79. Kf2 Rc7 80. Kf3
Kf8 81. Kf2 Rg7 82. Ne2 Ke7 83. Nd4 Bd7 84. Rd1 Rf8 85. Rh1 Re8 86. Kf3 Kd8 87.
Kf2 Rge7 88. Re1 Kc7 89. Kf3 Rg7 90. Rh1 Kd8 91. Rh2 Ke7 92. Rh1 Kf6 93. Rh2
Rge7 94. Re2 g5 95. hxg5+ hxg5 96. fxg5+ Kxg5 97. Re1 Rh8 98. Kg2 Reh7 99. Nf3+
Kf6 100. Nh4 Rg7 101. Kf2 Rh5 102. Bf3 Rhg5 103. Rg1 Be6 104. Bc6 Ke7 105. Nf3
Rh5 106. Nh4 Rh8 107. Rd1 Rd8 108. Nf3 Rdg8 109. Rg1 Kf6 110. Nh4 Rc8 111. Bf3
d5 112. cxd5 Rc2+ 113. Ke1 Bc8 114. Bd1 Rc5 115. Nf3 Rxd5 116. Nd4 Rh7 117. Kf2
Rh2+ 118. Rg2 Rxg2+ 119. Kxg2 Rc5 120. Bc2 Bb7+ 121. Kf2 Be4 122. Bd1 Rc1 123.
Ke2 Rc8 124. Kf2 Ke5 125. Be2 Rc3 126. Bd1 Rc8 127. Be2 Rh8 128. Nf3+ Kd6 129.
Bc4 Rh1 130. Nd4 Rh2+ 131. Kf1 Ke5 132. Nb5 Rg2 133. Nc3 Rxg3 134. Kf2 Rg2+
135. Kf1 Rc2 136. Nd1 Bf3 137. Ke1 Rc1 138. Be2 Bxe2 139. Kxe2 Rb1 140. Kd2
Rxb3 141. Nc3 Rb4 142. Kd3 Rh4 143. Kd2 Kd6 144. Kd3 Kc5 145. Nb1 0-1

[Event "SR Extraliga 2017/2018"]
[Site "?"]
[Date "2017.11.11"]
[Round "3.1"]
[White "Mazur, Stefan"]
[Black "Gazik, Viktor"]
[Result "1-0"]
[WhiteElo "2464"]
[BlackElo "2479"]
[PlyCount "95"]
[EventDate "2017.??.??"]

1. e4 g6 2. d4 Bg7 3. Nc3 d6 4. Be3 a6 5. a4 b6 6. Qd2 Bb7 7. h4 h5 8. Nh3 e6
9. Bc4 Nd7 10. Ng5 Qe7 11. d5 e5 12. f3 Ngf6 13. Qe2 Nh7 14. a5 Nxg5 15. hxg5
b5 16. Bb3 f6 17. gxf6 Bxf6 18. O-O-O Bg5 19. Kb1 Bxe3 20. Qxe3 Qf6 21. Na2 Qf4
22. Qe2 Nc5 23. Nb4 O-O 24. Ba2 Kg7 25. Qe1 Rf6 26. Nc6 Bxc6 27. dxc6 Qg5 28.
b4 Ne6 29. Bxe6 Rxe6 30. Qd2 Qf4 31. Kb2 Rb8 32. Qf2 Ra8 33. g4 hxg4 34. Qh4
gxf3 35. Qh7+ Kf6 36. Qxc7 Qxe4 37. c3 Qe2+ 38. Ka3 Qc4 39. Rc1 e4 40. Rh7 Ke5
41. Qg7+ Rf6 42. Qh6 Rg8 43. c7 g5 44. Re7+ Re6 45. Qh2+ Kf6 46. Rd7 e3 47. Rd8
Qxc7 48. Rxg8 1-0

[Event "SR Extraliga 2017/2018"]
[Site "?"]
[Date "2017.11.11"]
[Round "3.2"]
[White "Balog, Imre"]
[Black "Rojicek, Vojtech"]
[Result "1-0"]
[WhiteElo "2539"]
[BlackElo "2399"]
[PlyCount "83"]
[EventDate "2017.??.??"]

1. d4 Nf6 2. Bg5 g6 3. Bxf6 exf6 4. c4 Bg7 5. Nc3 d6 6. g3 f5 7. Bg2 Nd7 8. e3
Nf6 9. Nge2 O-O 10. O-O Re8 11. Qc2 c6 12. Rab1 a5 13. a3 Bd7 14. b4 axb4 15.
axb4 h5 16. b5 h4 17. bxc6 bxc6 18. Rb7 hxg3 19. hxg3 Ra3 20. Rfb1 Qa5 21. Bf3
Ra8 22. Kg2 Qa6 23. Rb8+ Bf8 24. Rxa8 Qxa8 25. Rb6 Qa5 26. Qb2 Ne4 27. Bxe4
fxe4 28. Rb8 Bg4 29. Nxe4 Ra2 30. Rxf8+ Kxf8 31. Qb8+ Kg7 32. Nf4 Qe1 33. Qxd6
Ra1 34. Qe5+ Kf8 35. Qh8+ Ke7 36. Qf6+ Ke8 37. Qxc6+ Kd8 38. Qd6+ Bd7 39. Qb8+
Bc8 40. Qd6+ Bd7 41. Qb6+ Ke7 42. Qf6+ 1-0

[Event "SR Extraliga 2017/2018"]
[Site "?"]
[Date "2017.11.11"]
[Round "3.3"]
[White "Hausner, Ivan"]
[Black "Horvath, Csaba"]
[Result "1/2-1/2"]
[WhiteElo "2323"]
[BlackElo "2507"]
[PlyCount "29"]
[EventDate "2017.??.??"]

1. c4 c6 2. Nc3 d5 3. cxd5 cxd5 4. d4 Nf6 5. Bf4 Nc6 6. Nf3 a6 7. e3 Bg4 8. Be2
e6 9. Ne5 Bxe2 10. Qxe2 Rc8 11. O-O Be7 12. Rfc1 O-O 13. Nxc6 Rxc6 14. Qd1 Qd7
15. Ne2 1/2-1/2

[Event "SR Extraliga 2017/2018"]
[Site "?"]
[Date "2017.11.11"]
[Round "3.4"]
[White "Farkas, Gabor"]
[Black "Caletka, Radomir"]
[Result "1-0"]
[WhiteElo "2378"]
[BlackElo "2307"]
[PlyCount "129"]
[EventDate "2017.??.??"]

1. e4 e5 2. Nf3 Nc6 3. Bc4 Nf6 4. d3 Be7 5. Nc3 O-O 6. a3 d6 7. h3 Be6 8. Nd5
Bxd5 9. exd5 Nb8 10. Qe2 c6 11. dxc6 bxc6 12. O-O Nbd7 13. Ba2 Qc7 14. b4 Rfe8
15. c4 Bf8 16. Nd2 g6 17. Ne4 Bg7 18. Qf3 Nh5 19. Rb1 c5 20. bxc5 dxc5 21. Ng5
Nhf6 22. Rb7 Qd6 23. Be3 h6 24. Ne4 Nxe4 25. Qxe4 Nb6 26. a4 Nxa4 27. Qd5 Qxd5
28. cxd5 Nc3 29. Bc4 Reb8 30. Rc7 Rc8 31. Rxc8+ Rxc8 32. Ra1 Rc7 33. d6 Rd7 34.
Bxc5 Bf8 35. Kf1 Bxd6 36. Bxa7 Bb4 37. Be3 Nd5 38. Bxh6 Kh7 39. Bg5 Nf4 40.
Bxf4 exf4 41. Ke2 g5 42. Kf3 Kg6 43. Ra6+ Kf5 44. Rb6 Bc3 45. Rb5+ Be5 46. Bd5
Kf6 47. Ke4 Re7 48. d4 Bc7+ 49. Kd3 Kg7 50. Be4 f6 51. Bf5 Bd6 52. Rb6 Bc7 53.
Rc6 f3 54. gxf3 Bf4 55. Be6 Rc7 56. Ra6 Rc1 57. Ke4 Kf8 58. Kf5 Ke7 59. Bb3 Bd6
60. Ra7+ Rc7 61. Ra2 Rb7 62. Re2+ Kf8 63. Bd5 Rb5 64. Ke6 Be7 65. Bc6 1-0

[Event "SR Extraliga 2017/2018"]
[Site "?"]
[Date "2017.11.11"]
[Round "3.5"]
[White "Hrabusa, Matej"]
[Black "Chovan, Milan"]
[Result "1/2-1/2"]
[WhiteElo "2357"]
[BlackElo "2305"]
[PlyCount "97"]
[EventDate "2017.??.??"]

1. d4 Nf6 2. Nf3 g6 3. Nbd2 Bg7 4. e4 d6 5. Bd3 O-O 6. O-O b6 7. Re1 Bb7 8. c4
e5 9. d5 a5 10. Rb1 Na6 11. Bf1 Nc5 12. b3 Nh5 13. a3 Nf4 14. Qc2 Bc8 15. b4
Nb7 16. Bb2 g5 17. g3 Ng6 18. Nb3 f5 19. exf5 Bxf5 20. Bd3 Bxd3 21. Qxd3 Qf6
22. Nfd2 Qxf2+ 23. Kh1 Qf5 24. Qxf5 Rxf5 25. Ne4 g4 26. Bc1 axb4 27. axb4 h6
28. Be3 Ne7 29. Nc3 Rf7 30. Nb5 Nf5 31. Bg1 Ra4 32. Nd2 Ra2 33. Ne4 Nd4 34.
Bxd4 exd4 35. Ra1 Rb2 36. Ra8+ Rf8 37. Ra7 Nd8 38. Nxc7 Be5 39. Ne8 d3 40.
N8xd6 Re2 41. Rg1 Bd4 42. Rd1 d2 43. Nxd2 Rxd2 44. Re1 Rdf2 45. h3 Bc3 46. Rb1
Be5 47. Nc8 R2f7 48. Rxf7 Rxf7 49. Nxb6 1/2-1/2

[Event "SR Extraliga 2017/2018"]
[Site "?"]
[Date "2017.11.11"]
[Round "3.6"]
[White "Cibickova, Zuzana"]
[Black "Hros, Roman"]
[Result "1/2-1/2"]
[WhiteElo "2282"]
[BlackElo "2194"]
[PlyCount "81"]
[EventDate "2017.??.??"]

1. e4 c5 2. Nf3 e6 3. d4 cxd4 4. Nxd4 Nc6 5. Nc3 Qc7 6. Be3 a6 7. Qf3 d6 8.
Nxc6 bxc6 9. O-O-O Rb8 10. Kb1 Nf6 11. g4 e5 12. Rg1 h5 13. gxh5 Rxh5 14. h3
Rh8 15. Bg5 Be7 16. Qd3 a5 17. Bc1 Kf8 18. Be2 Rb4 19. Bg4 Rd4 20. Qf3 Nxg4 21.
hxg4 Rxd1 22. Nxd1 Be6 23. Ne3 Kg8 24. Nf5 Bf8 25. g5 g6 26. Nh6+ Bxh6 27. gxh6
Kh7 28. Qf6 Rg8 29. Bg5 Qb6 30. Rd1 Qb4 31. f4 Qxe4 32. fxe5 Qxe5 33. Qxe5 dxe5
34. Re1 Re8 35. Kc1 Bf5 36. Re3 Re6 37. Rb3 f6 38. Rb7+ Kh8 39. Rb8+ Kh7 40.
Rb7+ Kh8 41. Rb8+ 1/2-1/2

[Event "SR Extraliga 2017/2018"]
[Site "?"]
[Date "2017.11.11"]
[Round "3.7"]
[White "Tropp, Oliver"]
[Black "Gazik, Igor"]
[Result "1-0"]
[WhiteElo "2198"]
[BlackElo "2253"]
[PlyCount "87"]
[EventDate "2017.??.??"]

1. c4 e5 2. g3 g6 3. Bg2 Bg7 4. Nc3 d6 5. d3 Nc6 6. Nf3 f5 7. O-O Nh6 8. Bg5
Qd7 9. Nd5 O-O 10. Qd2 Ng4 11. h3 Nf6 12. Rac1 Ne7 13. Nxf6+ Bxf6 14. Bh6 Bg7
15. Bxg7 Kxg7 16. Qc3 Ng8 17. c5 Nf6 18. Nxe5 dxe5 19. c6 Qd6 20. cxb7 Bxb7 21.
Qxc7+ Qxc7 22. Rxc7+ Rf7 23. Rxf7+ Kxf7 24. Bxb7 Rb8 25. Ba6 Rxb2 26. Rc1 Rxe2
27. Rc7+ Ke6 28. Bc4+ Kd6 29. Rxa7 Nd7 30. Bb5 Nf8 31. Ra6+ Kc5 32. a4 Re1+ 33.
Kg2 e4 34. d4+ Kd5 35. Be8 e3 36. Bf7+ Ke4 37. Ra8 e2 38. Re8+ Kxd4 39. Kf3 g5
40. Rd8+ Kc5 41. Rxf8 g4+ 42. hxg4 fxg4+ 43. Ke3 Kd6 44. Ra8 1-0

[Event "SR Extraliga 2017/2018"]
[Site "?"]
[Date "2017.11.11"]
[Round "3.8"]
[White "Szucs, Vladimir"]
[Black "Palecek, Peter"]
[Result "0-1"]
[WhiteElo "2114"]
[BlackElo "2246"]
[PlyCount "82"]
[EventDate "2017.??.??"]

1. d4 Nf6 2. Nf3 e6 3. c4 Bb4+ 4. Bd2 c5 5. Bxb4 cxb4 6. Nbd2 O-O 7. g3 d6 8.
Bg2 Nc6 9. O-O e5 10. d5 Nb8 11. Ne1 a5 12. e4 Na6 13. Nd3 Qb6 14. Rc1 Bg4 15.
Qc2 Rac8 16. Rfe1 Nd7 17. h3 Bh5 18. Nf1 Nac5 19. Ne3 Bg6 20. Nxc5 Nxc5 21. b3
Ra8 22. Rb1 a4 23. bxa4 Rxa4 24. Rb2 Rfa8 25. Reb1 Qa5 26. Nf5 Bxf5 27. exf5
Rxa2 28. Rxa2 Qxa2 29. Qxa2 Rxa2 30. Rxb4 Kf8 31. Bf1 Ke7 32. Rb1 Kf6 33. g4 h5
34. f3 Kg5 35. Re1 h4 36. Re2 Rxe2 37. Bxe2 Kf4 38. Kf2 b6 39. Bf1 Nb3 40. Be2
Nd4 41. Bd1 f6 0-1

[Event "SR Extraliga 2017/2018"]
[Site "?"]
[Date "2017.11.11"]
[Round "3.2"]
[White "Nagy, Gabor"]
[Black "Druska, Juraj"]
[Result "1/2-1/2"]
[WhiteElo "2472"]
[BlackElo "2438"]
[PlyCount "63"]
[EventDate "2017.??.??"]

1. e4 c6 2. d4 d5 3. Nd2 dxe4 4. Nxe4 Nd7 5. Ng5 Ngf6 6. Bd3 e6 7. N1f3 h6 8.
Nxe6 fxe6 9. Bg6+ Ke7 10. O-O Qc7 11. c4 Kd8 12. g3 b5 13. b3 Ba6 14. Qe2 bxc4
15. bxc4 Bd6 16. Re1 Rb8 17. Qc2 Rb4 18. Bd3 Qb8 19. Bd2 Re8 20. Bxb4 Qxb4 21.
Rab1 Qa5 22. c5 Bc7 23. Nd2 e5 24. Nb3 Qa4 25. Bxa6 Qxa6 26. dxe5 Rxe5 27. Nd4
Kc8 28. Qg6 Qa4 29. Rxe5 Bxe5 30. Nf5 Qxa2 31. Nxg7 a5 32. Nh5 1/2-1/2

[Event "SR Extraliga 2017/2018"]
[Site "?"]
[Date "2017.11.11"]
[Round "3.3"]
[White "Manik, Mikulas"]
[Black "Haring, Viktor"]
[Result "1-0"]
[WhiteElo "2415"]
[BlackElo "2289"]
[PlyCount "79"]
[EventDate "2017.??.??"]

1. e4 e5 2. Nf3 Nc6 3. Bb5 a6 4. Ba4 Nf6 5. O-O Be7 6. d3 b5 7. Bb3 d6 8. c3
O-O 9. Re1 Na5 10. Bc2 c5 11. d4 Qc7 12. Nbd2 cxd4 13. cxd4 Nc6 14. Nb3 a5 15.
d5 Nb4 16. Bb1 Bd7 17. Bd2 Qa7 18. a3 Na6 19. Bxa5 Rfc8 20. Bd3 Nc5 21. Nxc5
dxc5 22. Bd2 c4 23. Bc2 Ng4 24. Rf1 Bc5 25. Qe1 Bd4 26. Rb1 b4 27. Bxb4 Bb5 28.
Bc3 Re8 29. Rd1 Bc5 30. h3 Nf6 31. Nxe5 Bd6 32. Nc6 Bxc6 33. dxc6 Rad8 34. Qe2
Qc5 35. Bb4 Qxc6 36. Bxd6 Rxd6 37. Ba4 Qxa4 38. Rxd6 Nxe4 39. Rd4 Ng3 40. Qxc4
1-0

[Event "SR Extraliga 2017/2018"]
[Site "?"]
[Date "2017.11.11"]
[Round "3.4"]
[White "Haring, Filip"]
[Black "Mikrut, Dariusz"]
[Result "1/2-1/2"]
[WhiteElo "2267"]
[BlackElo "2387"]
[PlyCount "99"]
[EventDate "2017.??.??"]

1. e4 c5 2. Nf3 d6 3. d4 cxd4 4. Nxd4 Nf6 5. Nc3 a6 6. Be2 e5 7. Nf3 Be7 8. Bg5
Be6 9. O-O Nbd7 10. a4 Rc8 11. Be3 h6 12. Nd2 O-O 13. Bf3 Ne8 14. Re1 Nef6 15.
a5 Qc7 16. Nf1 Rfd8 17. Ng3 Bf8 18. h3 b5 19. axb6 Nxb6 20. Nd5 Nbxd5 21. exd5
Bd7 22. Rxa6 Qxc2 23. Qxc2 Rxc2 24. Rb1 Bb5 25. Ra3 Rb8 26. Rb3 Rcc8 27. Ba7
Rb7 28. Ne4 Nxe4 29. Bxe4 g6 30. g4 Rc4 31. f3 Rcc7 32. Be3 Kg7 33. Rc1 Rxc1+
34. Bxc1 Be7 35. Be3 Ba6 36. Ra3 Bc4 37. Rc3 Bb3 38. Kf2 Rb5 39. Bd3 Rb4 40.
Be4 Bc4 41. Rc2 Bh4+ 42. Kg2 Bb3 43. Rc6 Ba4 44. Rxd6 Rxb2+ 45. Kg1 Re2 46. Ba7
Bb5 47. Rc6 Re1+ 48. Kh2 Re2+ 49. Kg1 Re1+ 50. Kh2 1/2-1/2

[Event "SR Extraliga 2017/2018"]
[Site "?"]
[Date "2017.11.11"]
[Round "3.5"]
[White "Holtman, Teodor"]
[Black "Sorkovsky, Miroslav"]
[Result "1-0"]
[WhiteElo "2296"]
[BlackElo "2153"]
[PlyCount "73"]
[EventDate "2017.??.??"]

1. e4 c5 2. Nf3 d6 3. d4 cxd4 4. Nxd4 Nf6 5. Nc3 a6 6. h3 e5 7. Nde2 h5 8. g3
Nbd7 9. Bg2 b5 10. Be3 Bb7 11. O-O Rc8 12. a4 b4 13. Nd5 Nxd5 14. exd5 a5 15.
c3 bxc3 16. Nxc3 Ba6 17. Re1 Be7 18. Nb5 Bxb5 19. axb5 h4 20. Qa4 hxg3 21. fxg3
Bg5 22. Qxa5 Bxe3+ 23. Rxe3 Rc1+ 24. Kh2 Rxa1 25. Qxa1 O-O 26. Qa6 Nc5 27. Qc6
f5 28. b4 f4 29. Ra3 fxg3+ 30. Rxg3 Na4 31. Rg6 Rf6 32. Rxf6 gxf6 33. Be4 Nb6
34. Bf5 Kf8 35. Be6 f5 36. Qb7 Qf6 37. Qxb6 1-0

[Event "SR Extraliga 2017/2018"]
[Site "?"]
[Date "2017.11.11"]
[Round "3.6"]
[White "Urhegyi, Marton"]
[Black "Jacko, Vladimir"]
[Result "1/2-1/2"]
[WhiteElo "2249"]
[BlackElo "2317"]
[PlyCount "71"]
[EventDate "2017.??.??"]

1. e4 c5 2. c3 b6 3. d4 Bb7 4. Bd3 Nf6 5. Nd2 cxd4 6. cxd4 Nc6 7. Ngf3 Nb4 8.
Bb1 Ba6 9. Nb3 e6 10. a3 Nc6 11. Bd3 Bxd3 12. Qxd3 d5 13. e5 Nd7 14. O-O Be7
15. Ne1 O-O 16. f4 a5 17. Be3 f6 18. exf6 Nxf6 19. Nf3 a4 20. Nbd2 Ng4 21. h3
Nxe3 22. Qxe3 Qd6 23. g3 Bf6 24. Rfe1 Rfe8 25. Rac1 b5 26. Ne5 Na5 27. Rc5 Bxe5
28. fxe5 Qd7 29. Qc3 Nc4 30. Re2 Rf8 31. Qb4 Rab8 32. Kh2 h6 33. h4 Rb7 34. b3
axb3 35. Qxb3 Ra8 36. Nb1 1/2-1/2

[Event "SR Extraliga 2017/2018"]
[Site "?"]
[Date "2017.11.11"]
[Round "3.7"]
[White "Kusiak, Matej"]
[Black "Kamody, Mario"]
[Result "1/2-1/2"]
[WhiteElo "2308"]
[BlackElo "2254"]
[PlyCount "176"]
[EventDate "2017.??.??"]

1. e4 e5 2. Nf3 Nc6 3. c4 Nf6 4. Nc3 d6 5. h3 h6 6. d4 exd4 7. Nxd4 Be7 8. Be2
O-O 9. O-O Re8 10. Re1 Bf8 11. Bf1 Bd7 12. Bf4 g6 13. Nxc6 Bxc6 14. e5 Nh5 15.
Bh2 Qg5 16. Qg4 dxe5 17. Qxg5 hxg5 18. Bxe5 Rac8 19. Nb5 Bxb5 20. cxb5 Bg7 21.
Bxg7 Nxg7 22. Bc4 Nf5 23. Bd5 Nd6 24. a4 Kf8 25. Kf1 Rcd8 26. Rxe8+ Rxe8 27.
Rc1 Re7 28. Kg1 Ke8 29. Kh2 Kd8 30. Bf3 Re5 31. Rd1 Ke7 32. Rc1 Kd8 33. Rc3 f6
34. Rd3 Ke7 35. Rc3 Kd8 36. Rd3 Ke7 37. Rc3 Kd7 38. Rd3 Ke8 39. Rc3 Re7 40. Bd5
Re5 41. Bf3 Re7 42. Bd5 Kf8 43. Bf3 Kg7 44. Bd5 f5 45. Bf3 Kf6 46. Rc5 Rh7 47.
Kg1 Re7 48. Kf1 Ke6 49. Kg1 Kd7 50. Kf1 Kc8 51. g3 Nf7 52. Kg2 Ne5 53. Rd5 Nxf3
54. Kxf3 Re4 55. b3 Rb4 56. Rd3 g4+ 57. hxg4 Rxg4 58. Kg2 Rb4 59. f4 b6 60. Kh3
g5 61. fxg5 Rg4 62. Rf3 Rxg5 63. Rf4 Rh5+ 64. Rh4 Rg5 65. Rh8+ Kd7 66. Rf8 Kd6
67. Rf7 Kc5 68. Rxc7+ Kb4 69. Rxa7 Kxb3 70. Ra6 Kb4 71. Rxb6 Kxa4 72. Rb8 Ka5
73. Rb7 Kb4 74. Rb8 Kc5 75. Kh2 Kc4 76. Kh3 Kc5 77. Kh2 Kc4 78. b6 Kc5 79. b7
Kc6 80. Rc8+ Kxb7 81. Rc4 Kb6 82. Kg2 Kb5 83. Rh4 Kc5 84. Kf3 Kd5 85. Kf4 Rg8
86. Rh5 Ke6 87. Rxf5 Rxg3 88. Kxg3 Kxf5 1/2-1/2

[Event "SR Extraliga 2017/2018"]
[Site "?"]
[Date "2017.11.11"]
[Round "3.8"]
[White "Zatko, Gregor"]
[Black "Zambor, Norbert"]
[Result "1-0"]
[WhiteElo "2167"]
[BlackElo "2284"]
[PlyCount "103"]
[EventDate "2017.??.??"]

1. d4 Nf6 2. Bg5 e6 3. Nf3 c5 4. e3 b6 5. d5 exd5 6. Nc3 Be7 7. Nxd5 Bb7 8.
Nxe7 Qxe7 9. Bc4 O-O 10. O-O Nc6 11. Bd5 Rab8 12. e4 Ne5 13. Nh4 Bxd5 14. exd5
Ng6 15. Re1 Qd6 16. c4 Nxh4 17. Bxh4 Qf4 18. Bg3 Qxc4 19. Bxb8 Rxb8 20. d6 h6
21. b3 Qd5 22. Qxd5 Nxd5 23. Re5 Nf6 24. f3 Rc8 25. Rd1 Kf8 26. Kf2 g6 27. g4
Ne8 28. Re7 Rd8 29. Re4 Rc8 30. Re7 Rd8 31. Re2 Rc8 32. h4 a5 33. Re7 Rd8 34.
Re5 Ng7 35. f4 h5 36. gxh5 Nxh5 37. f5 Ng7 38. fxg6 fxg6 39. Kg2 Re8 40. Rxe8+
Kxe8 41. Re1+ Kd8 42. Re5 Ne6 43. Kf3 Nd4+ 44. Kf4 b5 45. Ke4 Ne6 46. Kd5 b4
47. Kc4 Ke8 48. Rxc5 Nxc5 49. Kxc5 Kf7 50. Kb6 Kf6 51. Kxa5 Kf5 52. Kxb4 1-0

[Event "SR Extraliga 2017/2018"]
[Site "?"]
[Date "2017.11.12"]
[Round "4.1"]
[White "Hracek, Zbynek"]
[Black "Pechac, Jergus"]
[Result "1/2-1/2"]
[WhiteElo "2613"]
[BlackElo "2443"]
[PlyCount "64"]
[EventDate "2017.??.??"]

1. e4 c5 2. Nf3 e6 3. d4 cxd4 4. Nxd4 Nc6 5. Nc3 Qc7 6. f4 a6 7. Nxc6 bxc6 8.
Bd3 d5 9. O-O Nf6 10. b3 Bc5+ 11. Kh1 Bd4 12. Qe1 dxe4 13. Bxe4 Bxc3 14. Qxc3
Nxe4 15. Qxg7 Rf8 16. Re1 Nd6 17. Ba3 c5 18. Rad1 Bd7 19. Qg5 f5 20. Rd5 Qa5
21. b4 Qb6 22. bxc5 Qa5 23. Re3 Ne4 24. Qh5+ Kd8 25. Rd4 Qb5 26. Kg1 Kc7 27.
Rb3 Qa5 28. Qd1 Rfd8 29. Bb4 Qb5 30. Ba3 Qa5 31. Bb4 Qb5 32. Ba3 Qa5 1/2-1/2

[Event "SR Extraliga 2017/2018"]
[Site "?"]
[Date "2017.11.12"]
[Round "4.2"]
[White "Rohacek, Miroslav"]
[Black "Babula, Vlastimil"]
[Result "1/2-1/2"]
[WhiteElo "2259"]
[BlackElo "2548"]
[PlyCount "43"]
[EventDate "2017.??.??"]

1. d4 Nf6 2. c4 g6 3. Nf3 Bg7 4. Nc3 d5 5. cxd5 Nxd5 6. Bd2 O-O 7. Rc1 Bg4 8.
e3 e5 9. Nxd5 Qxd5 10. Bc4 Qd7 11. h3 Bxf3 12. Qxf3 Nc6 13. Bb5 exd4 14. Bxc6
bxc6 15. Qxc6 Qxc6 16. Rxc6 dxe3 17. Bxe3 Bxb2 18. Rxc7 Be5 19. Rxa7 Rxa7 20.
Bxa7 Ra8 21. Be3 Rxa2 22. O-O 1/2-1/2

[Event "SR Extraliga 2017/2018"]
[Site "?"]
[Date "2017.11.12"]
[Round "4.3"]
[White "Markos, Jan"]
[Black "Jablonicky, Martin"]
[Result "1-0"]
[WhiteElo "2553"]
[BlackElo "2313"]
[PlyCount "73"]
[EventDate "2017.??.??"]

1. d4 Nf6 2. c4 g6 3. Nc3 Bg7 4. e4 d6 5. Be2 O-O 6. Be3 e5 7. d5 a5 8. h4 Na6
9. h5 c6 10. g4 cxd5 11. cxd5 Nd7 12. Qd2 Ndc5 13. f3 Bd7 14. hxg6 fxg6 15. Nh3
Bf6 16. Ng5 Bxg5 17. Bxg5 Qb6 18. Be3 a4 19. O-O Nb4 20. Kg2 a3 21. bxa3 Rxa3
22. Rfb1 Qa5 23. Nd1 Nba6 24. Qxa5 Rxa5 25. Rb6 Ra8 26. Rxd6 b5 27. Bd2 b4 28.
Ne3 Bb5 29. Nc4 Ra4 30. Rb6 Rb8 31. Rxb5 Rxb5 32. Nb2 Rba5 33. Nxa4 Rxa4 34.
Bb5 Ra3 35. d6 b3 36. d7 Nxd7 37. Bxd7 1-0

[Event "SR Extraliga 2017/2018"]
[Site "?"]
[Date "2017.11.12"]
[Round "4.4"]
[White "Istona, Martin"]
[Black "Mrva, Martin"]
[Result "0-1"]
[WhiteElo "2240"]
[BlackElo "2401"]
[PlyCount "54"]
[EventDate "2017.??.??"]

1. e4 d6 2. d4 Nf6 3. Nc3 a6 4. f4 b5 5. e5 b4 6. Qf3 d5 7. Nce2 Ne4 8. Ng3 f5
9. exf6 Nxf6 10. f5 Nc6 11. Be3 e5 12. fxe6 Bxe6 13. Nh5 Nxh5 14. Qxh5+ g6 15.
Qe2 Bg7 16. Nf3 O-O 17. h3 Bf5 18. O-O-O b3 19. axb3 Nb4 20. Ne1 c5 21. g4 Be4
22. Bg2 Re8 23. Bxe4 Rxe4 24. Qf2 Qa5 25. Nd3 Rf8 26. Qg1 cxd4 27. Bg5 Re2 0-1

[Event "SR Extraliga 2017/2018"]
[Site "?"]
[Date "2017.11.12"]
[Round "4.5"]
[White "Pcola, Pavol"]
[Black "Bury, Rastislav"]
[Result "1-0"]
[WhiteElo "2374"]
[BlackElo "2140"]
[PlyCount "65"]
[EventDate "2017.??.??"]

1. c4 c5 2. g3 Nf6 3. Bg2 d5 4. cxd5 Nxd5 5. Nc3 Nc7 6. Qb3 Nc6 7. Bxc6+ bxc6
8. Nf3 e6 9. d3 Nd5 10. Bd2 Be7 11. Na4 Nb4 12. Qc3 O-O 13. Nxc5 Rb8 14. d4 Qd5
15. O-O Bxc5 16. dxc5 Ba6 17. Rfe1 Nxa2 18. Qc2 Qc4 19. Qxc4 Bxc4 20. Ne5 Bd5
21. e4 Rxb2 22. exd5 Rxd2 23. d6 Nb4 24. Reb1 Rd4 25. Rxa7 f6 26. Nf3 Rc4 27.
Ra4 Rxc5 28. Rbxb4 g5 29. Rb7 Rf7 30. Ra8+ Kg7 31. d7 Rd5 32. d8=Q Rxd8 33.
Rxf7+ 1-0

[Event "SR Extraliga 2017/2018"]
[Site "?"]
[Date "2017.11.12"]
[Round "4.6"]
[White "Spacek, Oliver"]
[Black "Krak, Tomas"]
[Result "0-1"]
[WhiteElo "2257"]
[BlackElo "2312"]
[PlyCount "90"]
[EventDate "2017.??.??"]

1. d4 Nf6 2. Nf3 c5 3. dxc5 e6 4. e3 Bxc5 5. b3 Nc6 6. Bb2 O-O 7. Nbd2 d5 8.
Bd3 Qe7 9. e4 Nb4 10. O-O Nxd3 11. cxd3 dxe4 12. Nxe4 Nxe4 13. dxe4 Rd8 14. Qe2
Bd7 15. Rac1 a6 16. Ne5 Bb5 17. Nc4 Rac8 18. a4 Be8 19. h3 f6 20. Rfd1 b5 21.
axb5 Bxb5 22. Qf3 Rxd1+ 23. Rxd1 Bxc4 24. bxc4 Rd8 25. e5 fxe5 26. Rxd8+ Qxd8
27. Bxe5 Qf8 28. Qe2 Qf5 29. Bc7 h6 30. Bg3 a5 31. Qa2 Kh7 32. Kh2 Bb4 33. Bc7
Bc3 34. Bg3 Bb4 35. Qa4 Be1 36. Qa2 Bb4 37. f3 Bc5 38. Bc7 e5 39. Qa1 Bd4 40.
Qd1 a4 41. Qxa4 Qf4+ 42. Kh1 Qc1+ 43. Kh2 Bg1+ 44. Kh1 Bf2+ 45. Kh2 Qg1# 0-1